| 000 | nam a22 7a 4500 | ||
|---|---|---|---|
| 999 |
_c2490 _d2490 |
||
| 005 | 20170516164151.0 | ||
| 008 | 170516b1992 cc ||||| |||| 00| 0 eng d | ||
| 020 |
_a0835127869 _a711901398X |
||
| 040 | _aAKMAL | ||
| 082 | _a610 HUI | ||
| 090 |
_a610 _bHUI |
||
| 245 | 1 | 0 |
_aFundamentals of traditional Chinese medicine / _cwritten by Yin Huihe and others ; edited & translated by Shuai Xuezhong. |
| 260 |
_aBeijing : _bForeign Languages Press, _cc1992 |
||
| 300 |
_a xiv, 300 p. : _bill. ; _c27 cm |
||
| 650 | 0 |
_aedicine, Chinese _95177 |
|
| 700 | 1 |
_aYin, Huihe. _95178 |
|
| 700 | 1 |
_aShuai, Xuezhong _95179 |
|
| 942 |
_2ddc _cBOOK |
||